Красно Солнышко, князь стольнокиевский (Запись № 6137138)

Подробности
000 -МАРКЕР
контрольное поле 02209nam0a22003491 4500
001 - ИДЕНТИФИКАТОР ЗАПИСИ
контрольное поле rc\1999695
005 - ИДЕНТИФИКАТОР ВЕРСИИ
контрольное поле 20130109142521.4
035 ## - ДРУГИЕ СИСТЕМНЫЕ НОМЕРА
Идентификатор записи (NLR Aleph) 005285198
100 ## - ДАННЫЕ ОБЩЕЙ ОБРАБОТКИ
Данные общей обработки 20080811d19151915|||y0rusy50 ca
101 0# - ЯЗЫК РЕСУРСА
Язык текста, звукозаписи и т.д. русский
102 ## - СТРАНА ПУБЛИКАЦИИ ИЛИ ПРОИЗВОДСТВА
Страна публикации Российская Федерация
105 ## - ПОЛЕ КОДИРОВАННЫХ ДАННЫХ: ТЕКСТОВЫЕ МАТЕРИАЛЫ, МОНОГРАФИЧЕСКИЕ
Кодированные данные о монографическом текстовом документе y z |||||
200 1# - ЗАГЛАВИЕ И СВЕДЕНИЯ ОБ ОТВЕТСТВЕННОСТИ
Основное заглавие Красно Солнышко, князь стольнокиевский
Сведения, относящиеся к заглавию Сцены из нар. былин для сел. театров
-- 4 д.
Первые сведения об ответственности Андрей Городцов
Последующие сведения об ответственности !Муз.: Архангельского, Гречанинова, Калинникова, Кастальского, Некрасова и Римского-Корсакова из сборника Александра Городцова "Народнопевческие хоры". Вып. 1, 2 и 3
210 ## - ПУБЛИКАЦИЯ, РАСПРОСТРАНЕНИЕ И ДР.
Место издания, распространения и т.д. Пермь
Имя издателя, распространителя и т. д. Перм. губ. ком. попечительства о нар. трезвости
Дата издания, распространения и т.д. 1915
215 ## - ФИЗИЧЕСКАЯ ХАРАКТЕРИСТИКА
Специфическое обозначение материала и объем 40 с.
Размеры 25
488 #0 - ДРУГИЕ ВЗАИМОСВЯЗАННЫЕ ПРОИЗВЕДЕНИЯ (ДОКУМЕНТЫ)
Встроенное поле 2001#$aНароднопевческие хоры$vВып. 1, 2, 3
-- 700#1$aГородцов$bА.$gАлександр
700 #1 - ИМЯ ЛИЦА - ПЕРВИЧНАЯ ОТВЕТСТВЕННОСТЬ
Начальный элемент ввода Городцов
Часть имени, кроме начального элемента ввода А. А.
Расширение инициалов личного имени Андрей Александрович
702 #0 - ИМЯ ЛИЦА - ВТОРИЧНАЯ ОТВЕТСТВЕННОСТЬ
Начальный элемент ввода Владимир Святославович
Дополнения к именам, кроме дат великий князь киевский
Даты -1015
Идентификатор авторитетной/нормативной записи RU\NLR\AUTH\779029
Код отношения Прочие
Графика поля Кириллица
702 #1 - ИМЯ ЛИЦА - ВТОРИЧНАЯ ОТВЕТСТВЕННОСТЬ
Начальный элемент ввода Архангельский
Часть имени, кроме начального элемента ввода А. А.
Дополнения к именам, кроме дат дирижер, композитор
Даты 1846-1924
Расширение инициалов личного имени Александр Андреевич
Идентификатор авторитетной/нормативной записи RU\NLR\AUTH\77118926
Код отношения Композитор
Графика поля Кириллица
702 #1 - ИМЯ ЛИЦА - ВТОРИЧНАЯ ОТВЕТСТВЕННОСТЬ
Начальный элемент ввода Гречанинов
Часть имени, кроме начального элемента ввода А. Т.
Даты 1864-1956
Расширение инициалов личного имени Александр Тихонович
Код отношения Композитор
702 #1 - ИМЯ ЛИЦА - ВТОРИЧНАЯ ОТВЕТСТВЕННОСТЬ
Начальный элемент ввода Калинников
Часть имени, кроме начального элемента ввода В. С.
Даты 1866-1900/01
Расширение инициалов личного имени Василий Сергеевич
Код отношения Композитор
702 #1 - ИМЯ ЛИЦА - ВТОРИЧНАЯ ОТВЕТСТВЕННОСТЬ
Начальный элемент ввода Кастальский
Часть имени, кроме начального элемента ввода А. Д.
Даты 1856-1926
Расширение инициалов личного имени Александр Дмитриевич
Код отношения Композитор
702 #1 - ИМЯ ЛИЦА - ВТОРИЧНАЯ ОТВЕТСТВЕННОСТЬ
Начальный элемент ввода Некрасов
Дополнения к именам, кроме дат композитор
Код отношения Композитор
Графика поля Кириллица
702 #1 - ИМЯ ЛИЦА - ВТОРИЧНАЯ ОТВЕТСТВЕННОСТЬ
Начальный элемент ввода Римский-Корсаков
Часть имени, кроме начального элемента ввода Н. А.
Дополнения к именам, кроме дат композитор
Даты 1844-1908
Расширение инициалов личного имени Николай Андреевич
Идентификатор авторитетной/нормативной записи RU\NLR\AUTH\7716260
Код отношения Композитор
Графика поля Кириллица
801 #0 - ИСТОЧНИК ЗАПИСИ
Страна Российская Федерация
Организация NLR
Дата составления 20080811
Правила каталогизации psbo
801 #0 - ИСТОЧНИК ЗАПИСИ
Страна Российская Федерация
Организация RuMoRGB
Дата составления 20080811
Источник данных psbo
801 #1 - ИСТОЧНИК ЗАПИСИ
Страна Российская Федерация
Организация ProSoft-M
Дата составления 20080811
Источник данных rusmarc
801 #2 - ИСТОЧНИК ЗАПИСИ
Страна Российская Федерация
Организация NLR
Дата составления 20121227
Источник данных rusmarc
852 ## - МЕСТОНАХОЖДЕНИЕ И ШИФР ХРАНЕНИЯ
Идентификатор организации NLR
Шифр хранения (Call Number) 68-7/1720
942 ## - ДОПОЛНИТЕЛЬНЫЕ ЭЛЕМЕНТЫ ЗАПИСИ (АБИС)
Тип экземпляра АБИС Книга
980 ## - КОЛЛЕКЦИЯ
Название коллекции Национальная библиография
Экземпляры
Тип экземпляра Дата поступления Библиотека постоянного хранения Библиотека текущего хранения Место хранения Шифр хранения Штрих-код Статус экземпляра
Книга 26.10.2013 РНБ (Московский) РНБ (Московский) Русский книжный фонд: издания с 1957 года 68-7/1720 5285198-10